[Event "SERBIA OPEN 2023 - MASTERS"]
[Site "Belgrade,Metropol Palace hotel"]
[Date "2023.07.21"]
[Round "6.105"]
[White "Guha, Rohit"]
[Black "Grigorieva, Sofia"]
[Result "1-0"]
[WhiteElo "2016"]
[BlackElo "1496"]
[PlyCount "73"]
[EventDate "2023.07.16"]

1. d4 Nf6 2. c4 g6 3. Nc3 Bg7 4. e4 d6 5. Nf3 O-O 6. Be2 e5 7. Be3 exd4 8. Nxd4 Re8 9. f3 c6 10. Bf2 d5 11. exd5 cxd5 12. O-O Nc6 13. c5 Nh5 14. Qd2 Be5 15. g3 Ng7 16. Rfd1 Ne6 17. Nxe6 Bxe6 18. f4 Bf6 19. Bf3 Bxc3 20. Qxc3 Qd7 21. Rd2 Rad8 22. Rad1 Qe7 23. a3 Rd7 24. b4 a6 25. a4 Red8 26. b5 d4 27. Qa1 axb5 28. axb5 Nb4 29. Rxd4 Rxd4 30. Rxd4 Rxd4 31. Qxd4 Na2 32. Qe5 f6 33. Qb8+ Kg7 34. Qxb7 Qxb7 35. Bxb7 Nc3 36. b6 Kf7 37. Ba6 1-0

[Event "SERBIA OPEN 2023 - MASTERS"]
[Site "Belgrade,Metropol Palace hotel"]
[Date "2023.07.21"]
[Round "6.106"]
[White "Antova, Gabriela"]
[Black "Taran, Egor A"]
[Result "1-0"]
[WhiteElo "2240"]
[BlackElo "1741"]
[PlyCount "93"]
[EventDate "2023.07.16"]

1. d4 d5 2. c4 c6 3. Nf3 Nf6 4. Nc3 dxc4 5. a4 Bf5 6. Nh4 Bg4 7. h3 Bh5 8. g4 Bg6 9. Nxg6 hxg6 10. e4 e6 11. g5 Nh5 12. Bxc4 Bd6 13. Qg4 Qe7 14. Be3 Nd7 15. f4 Bc7 16. O-O Qb4 17. Be2 Bb6 18. Rfd1 e5 19. fxe5 Nxe5 20. Qg2 O-O 21. a5 Qxb2 22. Rdc1 Nf4 23. Qf1 Nxe2+ 24. Qxe2 Qxe2 25. Nxe2 Nd3 26. Rc3 Nb4 27. axb6 axb6 28. Rb1 Ra4 29. Rc4 Ra3 30. Bc1 Ra2 31. Nc3 Rc2 32. Rcxb4 Rxc3 33. Rxb6 Rxh3 34. Rxb7 Rd3 35. Bb2 Re8 36. e5 Rg3+ 37. Kf2 Rxg5 38. Ba3 Rf5+ 39. Kg3 f6 40. Bd6 c5 41. dxc5 fxe5 42. c6 e4 43. Rb8 Rf3+ 44. Kg2 Kf7 45. Rxe8 Kxe8 46. Rb8+ Kf7 47. c7 1-0

[Event "SERBIA OPEN 2023 - MASTERS"]
[Site "Belgrade,Metropol Palace hotel"]
[Date "2023.07.21"]
[Round "6.107"]
[White "Mijic, Sara"]
[Black "Davidov, Lazar"]
[Result "0-1"]
[WhiteElo "1736"]
[BlackElo "1901"]
[PlyCount "62"]
[EventDate "2023.07.16"]

1. e4 e6 2. d4 d5 3. Nc3 dxe4 4. Nxe4 Bd7 5. Nf3 Bc6 6. Bd3 Nd7 7. Be3 Ngf6 8. Nxf6+ Nxf6 9. Qe2 Bxf3 10. Qxf3 c6 11. O-O-O Qd5 12. Qxd5 Nxd5 13. Kd2 Bd6 14. c4 Nf4 15. Be4 O-O 16. g3 Ng6 17. f4 Rfd8 18. Kc3 Ne7 19. a3 Rac8 20. a4 Nd5+ 21. Kd3 Nxe3 22. Kxe3 Bb4 23. Rd3 Rd6 24. Rhd1 Rcd8 25. Rf1 g6 26. Ra1 a5 27. Rad1 Kf8 28. Bf3 Ke7 29. Be2 b6 30. b3 Kd7 31. Kf3 f5 0-1

[Event "SERBIA OPEN 2023 - MASTERS"]
[Site "Belgrade,Metropol Palace hotel"]
[Date "2023.07.21"]
[Round "6.108"]
[White "Yang, Maxwell"]
[Black "Stefan, Iulia-Cristiana"]
[Result "1-0"]
[WhiteElo "1806"]
[BlackElo "1679"]
[PlyCount "117"]
[EventDate "2023.07.16"]

1. d4 d6 2. c4 g6 3. Nc3 Bg7 4. e4 Nf6 5. h3 O-O 6. Be3 Nc6 7. d5 Ne5 8. f4 Ned7 9. g4 c6 10. Nf3 cxd5 11. cxd5 b6 12. Nd4 Nc5 13. Qf3 e6 14. b4 exd5 15. exd5 Na6 16. a3 Bb7 17. g5 Nh5 18. Rc1 Nc7 19. h4 Re8 20. Kd2 Qe7 21. Bc4 Rac8 22. Bb3 a6 23. Rhe1 Qd7 24. a4 Ra8 25. Nc6 b5 26. Bb6 Bxc3+ 27. Rxc3 Rxe1 28. Kxe1 Re8+ 29. Kd2 Na8 30. Be3 Ng7 31. axb5 axb5 32. Nd4 Rc8 33. Rxc8+ Bxc8 34. Qf1 Nc7 35. Qc1 Bb7 36. Nc6 Nf5 37. Bb6 Na8 38. Bf2 Nc7 39. Qc3 Ne7 40. Nxe7+ Qxe7 41. Qd3 Qd7 42. Bb6 Ne8 43. Bd4 Bc8 44. Bc3 f6 45. gxf6 Kf7 46. Qd4 Qf5 47. Bc2 Qxf6 48. Qf2 Qe7 49. Bd3 Bd7 50. f5 Nf6 51. fxg6+ hxg6 52. Qf4 Kg7 53. Qg5 Qf7 54. h5 Be8 55. h6+ Kh7 56. Qxf6 Qxf6 57. Bxf6 Kxh6 58. Be7 Bf7 59. Be4 1-0

[Event "SERBIA OPEN 2023 - MASTERS"]
[Site "Belgrade,Metropol Palace hotel"]
[Date "2023.07.21"]
[Round "6.109"]
[White "Ilic, Ilija"]
[Black "Enkhrii, Enkh-Amgalan"]
[Result "0-1"]
[WhiteElo "1787"]
[BlackElo "1646"]
[PlyCount "64"]
[EventDate "2023.07.16"]

1. d4 Nf6 2. Nc3 d5 3. Bf4 c5 4. e3 cxd4 5. exd4 a6 6. f3 Nc6 7. Qd2 e6 8. O-O-O Be7 9. g4 b5 10. h4 Qa5 11. Kb1 Nd7 12. Nce2 Qd8 13. Nc1 Nb6 14. Qh2 Nc4 15. Nb3 Ra7 16. Ne2 a5 17. Nbc1 Qb6 18. h5 b4 19. g5 a4 20. Qg1 b3 21. cxb3 axb3 22. axb3 Qa5 23. bxc4 Nb4 24. Nb3 Qa2+ 25. Kc1 Qxb3 26. Kd2 Qd3+ 27. Ke1 Nc2+ 28. Kf2 Qxd1 29. g6 Nxd4 30. gxh7 Nf5 31. Qh2 Bc5+ 32. Kg2 Qe1 0-1

[Event "SERBIA OPEN 2023 - MASTERS"]
[Site "Belgrade,Metropol Palace hotel"]
[Date "2023.07.21"]
[Round "6.110"]
[White "Omarsson, Josef"]
[Black "Lojpur, Nenad"]
[Result "1-0"]
[WhiteElo "1710"]
[BlackElo "1743"]
[PlyCount "87"]
[EventDate "2023.07.16"]

1. d4 Nf6 2. c4 e6 3. Nc3 d5 4. Nf3 c5 5. cxd5 exd5 6. Bg5 Be7 7. dxc5 Nc6 8. e3 O-O 9. Be2 Be6 10. O-O Bxc5 11. Nb5 Be7 12. Nbd4 h6 13. Bh4 Ne4 14. Nxe6 fxe6 15. Bxe7 Qxe7 16. Bd3 Rad8 17. Qe2 Nc5 18. Bc2 e5 19. Rad1 e4 20. Nd4 Ne5 21. b4 Ncd3 22. Bxd3 Nxd3 23. a3 a6 24. f3 Rc8 25. fxe4 dxe4 26. Qg4 Rxf1+ 27. Rxf1 Rf8 28. Nf5 Rxf5 29. Qxf5 Qh4 30. Qf8+ Kh7 31. g3 Qg5 32. Qf5+ Qxf5 33. Rxf5 Kg6 34. Rd5 Ne1 35. Rc5 Kf6 36. Rc7 b5 37. Rc6+ Kg5 38. Rxa6 Nc2 39. Kf2 Kf5 40. Ke2 g5 41. Kd2 Na1 42. Kc3 h5 43. h4 gxh4 44. gxh4 1-0

[Event "SERBIA OPEN 2023 - MASTERS"]
[Site "Belgrade,Metropol Palace hotel"]
[Date "2023.07.21"]
[Round "6.111"]
[White "Udovenko, Daniel"]
[Black "Stojanovic, Srdjan"]
[Result "1-0"]
[WhiteElo "1856"]
[BlackElo "1686"]
[PlyCount "69"]
[EventDate "2023.07.16"]

1. d4 c6 2. c4 d5 3. Nf3 Nf6 4. Nc3 dxc4 5. a4 Bf5 6. Ne5 e6 7. Nxc4 Be7 8. Bg5 O-O 9. g3 h6 10. Bf4 Nd5 11. Bg2 Nxf4 12. gxf4 Nd7 13. O-O Nb6 14. Ne5 Nd7 15. a5 Nxe5 16. fxe5 Rc8 17. e3 Bb4 18. e4 Bg6 19. f4 Bxc3 20. bxc3 Qh4 21. f5 exf5 22. exf5 Bh5 23. Qb3 Be2 24. Rf2 Ba6 25. f6 Rce8 26. fxg7 Kxg7 27. Rf6 Qg4 28. h3 Qg3 29. Rf3 Qh4 30. Ra2 Re6 31. Raf2 Qe7 32. Rf6 Qd7 33. Qd1 Rh8 34. Qg4+ Kf8 35. Qxe6 1-0